00391nam a2200157Ia 4500008004100000020001800041041000800059082001700067100001500084245003100099250001200130260001700142300002800159365001600187700003000203230718s9999 xx 000 0 und d a9780198097389 aeng a621.395bALL aAllen P.E. aCMOS Analog Circuit Design a3rd ed. c2013bOxford a590dRef 1707 E (54214) cRs.b650.00 aAllen P.E. & Holberg D.R.